Product Design : (Record no. 8901)
[ view plain ]
| 000 -LEADER | |
|---|---|
| fixed length control field | 01020nam a22002895a 4500 |
| 008 - FIXED-LENGTH DATA ELEMENTS--GENERAL INFORMATION | |
| fixed length control field | 110706s2001 njua|||frb||| 001 0 eng d |
| 010 ## - LIBRARY OF CONGRESS CONTROL NUMBER | |
| LC control number | 99051427 |
| 020 ## - INTERNATIONAL STANDARD BOOK NUMBER | |
| International Standard Book Number | 0130212717 |
| 020 ## - INTERNATIONAL STANDARD BOOK NUMBER | |
| International Standard Book Number | 9780130212719 |
| 040 ## - CATALOGING SOURCE | |
| Original cataloging agency | EG-ScBUE |
| Language of cataloging | eng |
| Transcribing agency | EG-ScBUE |
| 082 04 - DEWEY DECIMAL CLASSIFICATION NUMBER | |
| Classification number | 658.5752 |
| Item number | OTT |
| Edition number | 22 |
| 100 1# - MAIN ENTRY--PERSONAL NAME | |
| Personal name | Otto, Kevin N. |
| 9 (RLIN) | 26217 |
| 245 10 - TITLE STATEMENT | |
| Title | Product Design : |
| Remainder of title | Techniques in Reverse Engineering and New Product Development / |
| Statement of responsibility, etc | Kevin N. Otto, Kristen L. Wood. |
| 260 ## - PUBLICATION, DISTRIBUTION, ETC. (IMPRINT) | |
| Place of publication, distribution, etc | Upper Saddle River, NJ : |
| Name of publisher, distributor, etc | Prentice Hall, 2001 |
| Date of publication, distribution, etc | c. 2001. |
| 300 ## - PHYSICAL DESCRIPTION | |
| Extent | xxi, 1064 p. : |
| Other physical details | ill. ; |
| Dimensions | 24 cm. |
| 500 ## - GENERAL NOTE | |
| General note | Appendix : p. 1011-1049. |
| 500 ## - GENERAL NOTE | |
| General note | Index : p. 1051-1065. |
| 504 ## - BIBLIOGRAPHY, ETC. NOTE | |
| Bibliography, etc | Includes bibliographical references and index. |
| 590 ## - LOCAL NOTE (RLIN) | |
| Local note | Menna ELemam |
| 650 #0 - SUBJECT ADDED ENTRY--TOPICAL TERM | |
| Topical term or geographic name as entry element | Design, Industrial. |
| 9 (RLIN) | 26218 |
| Source of heading or term | BUEsh |
| 650 #0 - SUBJECT ADDED ENTRY--TOPICAL TERM | |
| Topical term or geographic name as entry element | New products. |
| 9 (RLIN) | 26219 |
| Source of heading or term | BUEsh |
| 650 #0 - SUBJECT ADDED ENTRY--TOPICAL TERM | |
| Topical term or geographic name as entry element | Product management. |
| 9 (RLIN) | 26220 |
| Source of heading or term | BUEsh |
| 651 ## - SUBJECT ADDED ENTRY--GEOGRAPHIC NAME | |
| Source of heading or term | BUEsh |
| 653 ## - INDEX TERM--UNCONTROLLED | |
| Resource For college | Engineering, General |
| Arrived date list | August2015 |
| 700 1# - ADDED ENTRY--PERSONAL NAME | |
| Personal name | Wood, Kristin L. |
| 9 (RLIN) | 26221 |
| 942 ## - ADDED ENTRY ELEMENTS (KOHA) | |
| Item type | Book - Borrowing |
| Call number prefix | 658.5752 OTT |
| Source of classification or shelving scheme | Dewey Decimal Classification |
| Withdrawn status | Item status | Source of classification or shelving scheme | Damaged status | Not for loan | Home library | Current library | Shelving location | Date acquired | Source of acquisition | Total Checkouts | Total Renewals | Full call number | Barcode | Date last seen | Date last borrowed | Koha item type | Vendor |
|---|---|---|---|---|---|---|---|---|---|---|---|---|---|---|---|---|---|
| Dewey Decimal Classification | Central Library | Central Library | First floor | 30/03/2008 | Purchase | 5 | 19 | 658.5752 OTT | 000010858 | 15/07/2025 | 05/04/2021 | Book - Borrowing | |||||
| Dewey Decimal Classification | Central Library | Central Library | First floor | 11/10/2011 | 5 | 35 | 658.5752 OTT | 000025365 | 15/07/2025 | 16/10/2017 | Book - Borrowing | Baccah | |||||
| Dewey Decimal Classification | Central Library | Central Library | First floor | 11/10/2011 | 6 | 658.5752 OTT | 000025366 | 15/07/2025 | 06/12/2018 | Book - Borrowing | Baccah |